000 00560nam a2200181Ia 4500
008 090630s9999 xx 000 0 und d
082 _b20716
100 _aधोटे प्रभाकर.
245 _aसाहेब.
_cधोटे प्रभाकर.
260 _bअक्षय - पुणे.
_c2001
300 _a24
600 _aधोटे प्रभाकर.
630 _aसाहेब.
655 _aबालवाङमय.
700 _aधोटे प्रभाकर.
730 _aसाहेब.
942 _cBOOK
999 _c272572
_d272572